<?xml version="1.0" encoding="UTF-8"?>
<record
    xmlns:xsi="http://www.w3.org/2001/XMLSchema-instance"
    xsi:schemaLocation="http://www.loc.gov/MARC21/slim http://www.loc.gov/standards/marcxml/schema/MARC21slim.xsd"
    xmlns="http://www.loc.gov/MARC21/slim">

  <leader>05301cam a2200397 i 4500</leader>
  <controlfield tag="001">22343825</controlfield>
  <controlfield tag="003">CSPC</controlfield>
  <controlfield tag="005">20251007164024.0</controlfield>
  <controlfield tag="008">211210s2022    nyu      b    001 0 eng  </controlfield>
  <datafield tag="010" ind1=" " ind2=" ">
    <subfield code="a">  2021056794</subfield>
  </datafield>
  <datafield tag="020" ind1=" " ind2=" ">
    <subfield code="a">9781032247663</subfield>
    <subfield code="q">(paperback)</subfield>
  </datafield>
  <datafield tag="035" ind1=" " ind2=" ">
    <subfield code="a">22343825</subfield>
  </datafield>
  <datafield tag="040" ind1=" " ind2=" ">
    <subfield code="a">DLC</subfield>
    <subfield code="b">eng</subfield>
    <subfield code="e">rda</subfield>
    <subfield code="c">DLC</subfield>
    <subfield code="d">DLC</subfield>
    <subfield code="d">CSPC</subfield>
  </datafield>
  <datafield tag="042" ind1=" " ind2=" ">
    <subfield code="a">pcc</subfield>
  </datafield>
  <datafield tag="050" ind1="0" ind2="0">
    <subfield code="a">LC3993</subfield>
    <subfield code="b">.I68 2022</subfield>
  </datafield>
  <datafield tag="082" ind1="0" ind2="0">
    <subfield code="a">371.95</subfield>
    <subfield code="b">In891</subfield>
    <subfield code="2">23</subfield>
  </datafield>
  <datafield tag="245" ind1="0" ind2="0">
    <subfield code="a">Introduction to gifted education /</subfield>
    <subfield code="c">edited by Julia Link Roberts, Tracy Ford Inman, and Jennifer H. Robins.</subfield>
  </datafield>
  <datafield tag="250" ind1=" " ind2=" ">
    <subfield code="a">2nd edition.</subfield>
  </datafield>
  <datafield tag="264" ind1=" " ind2="1">
    <subfield code="a">New York, NY ;</subfield>
    <subfield code="a">Abingdon, Oxon :</subfield>
    <subfield code="b">Routledge,</subfield>
    <subfield code="c">2022.</subfield>
  </datafield>
  <datafield tag="300" ind1=" " ind2=" ">
    <subfield code="a">xiv, 493 pages ;</subfield>
    <subfield code="c">24 cm.</subfield>
  </datafield>
  <datafield tag="336" ind1=" " ind2=" ">
    <subfield code="a">text</subfield>
    <subfield code="b">txt</subfield>
    <subfield code="2">rdacontent</subfield>
  </datafield>
  <datafield tag="337" ind1=" " ind2=" ">
    <subfield code="a">unmediated</subfield>
    <subfield code="b">n</subfield>
    <subfield code="2">rdamedia</subfield>
  </datafield>
  <datafield tag="338" ind1=" " ind2=" ">
    <subfield code="a">volume</subfield>
    <subfield code="b">nc</subfield>
    <subfield code="2">rdacarrier</subfield>
  </datafield>
  <datafield tag="504" ind1=" " ind2=" ">
    <subfield code="a">Includes bibliographical references and index.</subfield>
  </datafield>
  <datafield tag="505" ind1="0" ind2=" ">
    <subfield code="a">Section I. Getting started -- Conceptual frameworks in gifted education as the foundation for services : the necessity for design alignment / Ann Robinson -- History of gifted education / Jennifer L. Jolly and Jennifer H. Robins -- Standards in gifted education / Susan K. Johnsen -- Characteristics of gifted learners / Lynette Breedlove -- Section II. The gifted learner -- Social and emotional development / Anne N. Rinn and Leah K. Murphy -- Development of children with superior cognitive abilities / Erin M. Miller, Jennie M. Carr, and Jenny M. Martin -- Section III. The basics for advanced learning -- Best practices in gifted identification / Jessica K. Ottwein, Lindsay Ellis Lee, Scott J. Peters, and Dante D. Dixson -- Transforming potential into exceptional achievement : curriculum design in gifted education / Todd Kettler and Maryann R. Hebda -- Assessment for gifted students / Todd Stanley -- Designing the learning environment for gifted students / Thomas P. H&#xE9;bert -- Designing the learning environment for gifted students / Thomas P H&#xE9;bert -- The learning environment at home : parents and families / Michael S. Matthews and Jennifer L. Jolly -- Section IV. Programming for advanced learning and talent development -- Enrichment : in and out of school / Kristen R. Stephens -- Acceleration : practical applications and policy implications / Susan Assouline and Ann Lupkowski-Shoplik -- Effective differentiation for continuous progress / Tracy Ford Inman and Julia Link Roberts -- Talent development as a framework for the delivery of services to gifted children / Paula Olszewski-Kubilius, Rena F. Subotnik, Frank C. Worrell, and Dana Thomson -- Section V. Diversity of learners -- Creativity / Kristen N. Lamb and Dianna Dekelaita-Mullet -- Understanding underachievement / Del Siegle -- Margins no more : centering the needs of minoritized students in gifted education / Brittany N. Anderson and Tia C. Dolet -- Students with gifts, creativity, and talents from low-income families / Kristen Seward and Marcia Gentry -- The interplay between geography and giftedness / Tamra Stambaugh -- Resisting the void : transforming the invisible to visible for gifted LGBTQ+ students / Alena R. Treat and Orla Dunne -- Multilingual learners with high academic potential / Nielsen Pereira and Luciana C. de Oliveira -- Meeting the needs of students who are twice-exceptional / Daphne Pereles, Mary Ruth Coleman, Lois Baldwin, and Stuart Omdal -- Section VI. Improving services for gifted learners : moving forward -- Professional learning : a new look / Christine L. Weber and Angela M. Novak -- Policy in gifted education / Jonathan A. Plucker -- Advocacy / Julia Link Roberts.</subfield>
  </datafield>
  <datafield tag="520" ind1=" " ind2=" ">
    <subfield code="a">"Now in its Second Edition, Introduction to Gifted Education presents a well-researched yet accessible introduction to gifted education, focusing on equity and supporting diverse learners. Inclusive in nature, this essential text is filled with varied perspectives and approaches to the critical topics and issues affecting gifted education. Chapters cover topics such as gifted education standards, social-emotional needs, cognitive development, diverse learners, identification, programming options, creativity, professional development, and curriculum. The book provides a comprehensive look at each topic, including an overview of big ideas, its history, and a thorough discussion to help those new to the field gain a better understanding of gifted students and strategies to address their needs. Filled with rich resources to engage readers in their own learning, Introduction to Gifted Education, Second Edition is the definitive textbook for courses introducing teachers to gifted education"--</subfield>
    <subfield code="c">Provided by publisher.</subfield>
  </datafield>
  <datafield tag="650" ind1=" " ind2="0">
    <subfield code="a">Gifted children</subfield>
    <subfield code="x">Education.</subfield>
  </datafield>
  <datafield tag="700" ind1="1" ind2=" ">
    <subfield code="a">Roberts, Julia L.</subfield>
    <subfield code="q">(Julia Link),</subfield>
    <subfield code="e">editor.</subfield>
  </datafield>
  <datafield tag="700" ind1="1" ind2=" ">
    <subfield code="a">Inman, Tracy F.</subfield>
    <subfield code="q">(Tracy Ford),</subfield>
    <subfield code="d">1963-</subfield>
    <subfield code="e">editor.</subfield>
  </datafield>
  <datafield tag="700" ind1="1" ind2=" ">
    <subfield code="a">Robins, Jennifer H.,</subfield>
    <subfield code="e">editor.</subfield>
  </datafield>
  <datafield tag="776" ind1="0" ind2="8">
    <subfield code="i">Online version:</subfield>
    <subfield code="t">Introduction to gifted education</subfield>
    <subfield code="b">Second edition.</subfield>
    <subfield code="d">New York, NY : Routledge, 2022</subfield>
    <subfield code="z">9781003235866</subfield>
    <subfield code="w">(DLC) 2021056795</subfield>
  </datafield>
  <datafield tag="906" ind1=" " ind2=" ">
    <subfield code="a">7</subfield>
    <subfield code="b">cbc</subfield>
    <subfield code="c">orignew</subfield>
    <subfield code="d">1</subfield>
    <subfield code="e">ecip</subfield>
    <subfield code="f">20</subfield>
    <subfield code="g">y-gencatlg</subfield>
  </datafield>
  <datafield tag="942" ind1=" " ind2=" ">
    <subfield code="2">ddc</subfield>
    <subfield code="c">BK</subfield>
    <subfield code="e">23</subfield>
    <subfield code="h">371.95</subfield>
    <subfield code="i">In891</subfield>
    <subfield code="k">CIR</subfield>
    <subfield code="m">2022</subfield>
    <subfield code="n">0</subfield>
  </datafield>
  <datafield tag="952" ind1=" " ind2=" ">
    <subfield code="0">0</subfield>
    <subfield code="1">0</subfield>
    <subfield code="2">ddc</subfield>
    <subfield code="4">0</subfield>
    <subfield code="7">0</subfield>
    <subfield code="a">CSPC</subfield>
    <subfield code="b">CSPC</subfield>
    <subfield code="c">CIR</subfield>
    <subfield code="d">2025-10-07</subfield>
    <subfield code="l">0</subfield>
    <subfield code="o">CIR 371.95 In891 2022</subfield>
    <subfield code="p">030409</subfield>
    <subfield code="r">2025-10-07 16:40:48</subfield>
    <subfield code="t">1-1</subfield>
    <subfield code="w">2025-10-07</subfield>
    <subfield code="y">BK</subfield>
  </datafield>
  <datafield tag="999" ind1=" " ind2=" ">
    <subfield code="c">30633</subfield>
    <subfield code="d">30633</subfield>
  </datafield>
</record>
